Größer oder kleiner als Monaco? - Statistiken

Allgemein
  • Dieses Quiz wurde 107 mal gespielt
  • Das Durchschnittsergebnis liegt bei 8 aus 13
Antwortstatistiken
Frage Antwort % Korrekt
Deutschlands kleinstes Bundesland Bremen Größer als Monaco
88%
Insel Mainau im Bodensee Kleiner als Monaco
88%
Deutschlands kleinste Stadt Arnis in Schleswig Holstein (251 Einwohner) Kleiner als Monaco
80%
Gesamtfläche des VW-Werks in Wolfsburg Größer als Monaco
79%
Liberty Island vor New York, Standort der Freiheitsstatue Kleiner als Monaco
78%
Loch Ness in Schottland Größer als Monaco
71%
Tian’anmen-Platz in Peking Kleiner als Monaco
56%
Gelände des Wacken Open Air Festivals Größer als Monaco
52%
Englischer Garten in München Größer als Monaco
51%
Die kleinste Ostfriesische Insel Baltrum Größer als Monaco
48%
Europa-Park Rust Kleiner als Monaco
42%
Die Gesamtbürofläche des Pentagons in den USA Kleiner als Monaco
39%
Zoologischer Garten Berlin Kleiner als Monaco
39%
Keine übereinstimmenden Quizze gefunden
Verteilung der Resultate
Anzahl Personen mit jedem Resultat
Perzentil nach korrekt beantworteten Fragen
Ihre Resultats-Entwicklung
Sie haben dieses Quiz noch nicht gespielt